Lyrics to 'God Was Showing Off' by Bruno Mars - Statistics

General Stats
  • This quiz has been taken 46 times
  • The average score is 240 of 302
Answer Stats
Answer % Correct
a
100%
God
100%
I
100%
off
100%
showing
100%
Showing
100%
was
100%
y
100%
you
100%
You
100%
like
92%
making
92%
Making
92%
No
92%
see
92%
to
92%
While
92%
while
92%
your
92%
beauty
85%
do
85%
have
85%
in
85%
it
85%
lips
85%
me
85%
my
85%
never
85%
Never
85%
now
85%
Now
85%
on
85%
seen
85%
the
85%
The
85%
this
85%
ain't
77%
are
77%
before
77%
blind
77%
but
77%
But
77%
by
77%
can
77%
Don't
77%
don't
77%
eyes
77%
face
77%
favorites
77%
Honey
77%
Is
77%
is
77%
just
77%
know
77%
light
77%
little
77%
miracle
77%
only
77%
skin
77%
that
77%
With
77%
with
77%
you're
77%
And
69%
angel
69%
been
69%
bet
69%
earth
69%
girl
69%
girl?
69%
hair
69%
Hallelujah
69%
hallelujah
69%
heaven
69%
it's
69%
more
69%
Or
69%
rain
69%
shine
69%
sing
69%
sky?
69%
still
69%
babe
62%
blessed
62%
divine?
62%
em
62%
free
62%
gonna
62%
good
62%
got
62%
I'm
62%
look
62%
matter
62%
mine
62%
name
62%
next
62%
obvious
62%
pouring
62%
put
62%
said
62%
Set
62%
set
62%
them
62%
then
62%
together
62%
up
62%
way
62%
whoever
62%
you've
62%
Cause
54%
dos
54%
gotta
54%
Help
54%
Hey
54%
hide
54%
into
54%
something
54%
special
54%
Uno
54%
wanna
54%
wings
54%
can't
46%
everybody
46%
flexing
46%
Flexing
46%
made
46%
touched
46%
tres
46%
turn
46%
water
46%
wine
46%
baby
38%
Come
38%
otra
38%
talking
38%
vez
38%
walk
38%
rock
23%
No matching quizzes found
Score Distribution
Percent of People with Each Score
Percentile by Number Answered
Your Score History
You have not taken this quiz